Arabia Felix from the time of the Queen of Sheba : eighth century B.C. to first century A.D. /

محفوظ في:

المؤلف الرئيسي: Breton, Jean-Francois (مؤلف)

مؤلفون آخرون: LaFarge, Albert.

التنسيق: كتاب

اللغة: English
French

منشور في: Notre Dame, Indiana : University of Notre Dame Press, 1998.

الموضوعات:

الوسوم: إضافة وسم

لا توجد وسوم, كن أول من يضع وسما على هذه التسجيلة!

رقم الطلب: DS247.A144 B7513 1998

LEADER 01168nam a2200253Ia 4500
008 201123s1998 inuabf g b 001 0 eng d
020 |a 0268020027 (alk. paper) 
041 1 |a eng  |h fre 
043 |a a-mk---  |a a-ye--- 
050 0 0 |a DS247.A144  |b B7513 1998 
100 1 |a Breton, Jean-Francois,  |e author. 
240 1 0 |a Arabie heureuse au temps de la reine de Saba'.  |l English 
245 1 0 |a Arabia Felix from the time of the Queen of Sheba :  |b eighth century B.C. to first century A.D. /  |c Jean-Frano̧is Breton ; translated from the French by Albert LaFarge.  
264 1 |a Notre Dame, Indiana :  |b University of Notre Dame Press,  |c 1998. 
300 |a ix, 216 pages, [8] pages of plates :  |b illustrations, maps ;  |c 23 cm 
336 |a text  |b txt  |2 rdacontent 
337 |a unmediated  |b n  |2 rdamedia 
338 |a volume  |b nc  |2 rdacarrier 
504 |a Includes bibliographical references (pages 197-206) and index. 
651 0 |a Arabia, Southern  |x Civilization. 
700 1 |a LaFarge, Albert. 
942 |c BK 
952 |0 0  |1 0  |2 lcc  |4 0  |6 DS0247 A144 B7513 01998  |7 1  |9 31543  |a ARCE  |b ARCE  |d 2022-01-25  |l 0  |o DS247.A144 B7513 1998  |p 1016752  |r 2022-01-25 00:00:00  |w 2022-01-25  |y BK 
999 |c 31275  |d 31275